Channel assignment for intercluster links in multi-radio multichannel wireless mesh networks (Record no. 11342)

000 -LEADER
fixed length control field 00537 a2200133 4500
082 ## - DEWEY DECIMAL CLASSIFICATION NUMBER
Classification number MS-IT-9
100 ## - MAIN ENTRY--PERSONAL NAME
Personal name Muhammad Kashif
9 (RLIN) 27163
245 ## - TITLE STATEMENT
Title Channel assignment for intercluster links in multi-radio multichannel wireless mesh networks
Statement of responsibility, etc. Muhammad Kashif
260 ## - PUBLICATION, DISTRIBUTION, ETC.
Place of publication, distribution, etc. Islamabad
Name of publisher, distributor, etc. NUST-SEECS
Date of publication, distribution, etc. 2012
300 ## - PHYSICAL DESCRIPTION
Extent 51p.
Other physical details ;ill.
Dimensions ;27cm.+
Accompanying material CD ROM
500 ## - GENERAL NOTE
General note Supervisors: Dr. Anjum Naveed, Dr. Adeel Baig, Dr. Zawar Hussain, Dr. Adnan Khalid
856 ## - ELECTRONIC LOCATION AND ACCESS
Uniform Resource Identifier <a href="http://10.250.8.41:8080/xmlui/handle/123456789/9986">http://10.250.8.41:8080/xmlui/handle/123456789/9986</a>
942 ## - ADDED ENTRY ELEMENTS (KOHA)
Koha item type Project Report
Call number prefix MS-IT-9 KAS
Source of classification or shelving scheme
Holdings
Withdrawn status Lost status Damaged status Not for loan Permanent Location Current Location Total Checkouts Full call number Barcode Date last seen Price effective from Koha item type Source of classification or shelving scheme Shelving location Date acquired
        Central Library (CL) Central Library (CL)   MS-IT-9 KAS SEECSP01193 11/14/2012 11/14/2012 Project Report      
        Central Library (CL) Central Library (CL)   004MS-IT-9 CL-T-4082 11/19/2019 11/19/2019 Thesis   Thesis 11/19/2019
© 2023 Central Library, National University of Sciences and Technology. All Rights Reserved.